World mineral production /
"Preliminary statistics."
Gorde:
| Aurreko izenburua: | World mineral statistics |
|---|---|
| Erakunde egilea: | |
| Formatua: | Aldizkako argitalpena |
| Hizkuntza: | English |
| Argitaratua: |
Keyworth, Nottingham :
The Survey.
|
| Gaiak: |
| LEADER | 01684cas a2200397 a 4500 | ||
|---|---|---|---|
| 001 | c000231762 | ||
| 003 | CARM | ||
| 005 | 20070328111111.0 | ||
| 008 | 900705c19839999enkar s f0 0eng d | ||
| 010 | |a sn 95033590 | ||
| 019 | 1 | |a 11993623 |5 LACONCORD2021 | |
| 035 | |a (OCoLC)21964058 |5 LACONCORD2021 | ||
| 040 | |a MnSJ |b eng |c MnSJ |d InU |d OCoLC |d LC | ||
| 042 | |a lcd | ||
| 050 | 1 | 4 | |a HD9506.A1 |b G7422 |
| 245 | 0 | 0 | |a World mineral production / |c British Geological Survey. |
| 260 | |a Keyworth, Nottingham : |b The Survey. | ||
| 300 | |a v. ; |c 30 cm. | ||
| 310 | |a Annual | ||
| 362 | 1 | |a Began with issue for 1983-87. | |
| 500 | |a Description based on: 1988-92, published in 1994. | ||
| 515 | |a Each annual issue includes data for a five-year period. | ||
| 520 | |a "Preliminary statistics." | ||
| 580 | |a For years 1983/87-1998/2002, supplement to: World mineral statistics. | ||
| 580 | |a With 1999/2003, incorporating all statistical information, absorbed: World mineral statistics. | ||
| 650 | 0 | |a Mineral industries |v Statistics |v Periodicals. | |
| 650 | 0 | |a Mines and mineral resources |v Statistics |v Periodicals. | |
| 710 | 2 | |a British Geological Survey | |
| 730 | 0 | |a World mineral statistics. | |
| 772 | 0 | |t World mineral statistics |w (DLC) 79641467 |w (OCoLC)4144075 | |
| 780 | 1 | 5 | |t World mineral statistics |w (DLC) 79641467 |w (OCoLC)4144075 |
| 852 | 8 | |b CARM |h A1:AQ09F0 |i F01692 |p 0343937 |f SE | |
| 866 | 0 | |a (1985-89)-(1989-93) Inc. | |
| 866 | 0 | |a (1985-89)-(1989-93) Inc. | |
| 999 | f | f | |i 98651f8d-7753-5b8f-885a-987498f553d8 |s 8b3fd7b1-0ea3-543f-acd7-97042be4324f |
| 952 | f | f | |p Can circulate |a CAVAL |b CAVAL |c CAVAL |d CARM 1 Store |e F01692 |f A1:AQ09F0 |h Other scheme |i book |k (1985-89); (1989-93) |m 0343937 |